| 000 | 00949nam a2200241 a 4500 | ||
|---|---|---|---|
| 001 | 79357 | ||
| 003 | BD-RjUL | ||
| 005 | 20220210112054.0 | ||
| 008 | 220210s2017 bg ||||| |||| 00| 0 ben d | ||
| 020 |
_a984839103218 _c: Tk.400.00 |
||
| 035 | _a(BD-RjUL) 79357 | ||
| 040 |
_aBD-RjUL _beng _cBD-RjUL |
||
| 041 | _aben | ||
| 082 |
_223 _a954.14 _bKAB 2017 |
||
| 100 |
_aকরিম, আবদুল _91262 |
||
| 245 |
_aবাংলার ইতিহাস : _bমোঘল আমল / _cআবদুল করিম |
||
| 260 |
_aঢাকা : _bজাতীয় সাহিত্য প্রকাশ, _c২০১৭ |
||
| 300 |
_a খণ্ড ; _c২২ সেমি. |
||
| 505 | 0 | 1 | _aখণ্ড.২য় শাহজাহান ও আওরংগজেবের রাজত্বকাল -- |
| 650 |
_aবাংলা (ভারত) _xইতিহাস _91260 |
||
| 650 |
_aBengal (India) _xHistory _91261 |
||
| 942 |
_2ddc _cBK |
||
| 999 |
_c79357 _d79357 |
||